[Event "Genova Bombrini op"]
[Site "Genova"]
[Date "2014.10.03"]
[Round "1"]
[White "Tammarazio, Saverio"]
[Black "De Pirro, Amedeo"]
[Result "0-1"]
[WhiteElo "1893"]
[BlackElo "1548"]
[PlyCount "44"]
[EventDate "2014.10.03"]
[EventType "swiss"]
[EventRounds "5"]
[EventCountry "ITA"]
[SourceTitle "EXT 2016"]
[Source "ChessBase"]
[SourceDate "2015.10.08"]
[SourceVersion "1"]
[SourceVersionDate "2015.10.08"]
[SourceQuality "1"]

1. c3 e6 2. Qc2 Nf6 3. e4 d6 4. Be2 b6 5. d3 Bb7 6. Nd2 Be7 7. Ngf3 0-0 8. h3 c5 9. Nf1 Nbd7 10. g4 h6 11. Ng3 Ne5 12. Nxe5 dxe5 13. g5 hxg5 14. Bxg5 Nh7 15. Bxe7 Qxe7 16. h4 f5 17. Qb3 Qf7 18. 0-0-0 fxe4 19. dxe4 Qxf2 20. Rdg1 Qe3+ 21. Kb1 Bxe4+ 22. Ka1 Bxh1 0-1